| 000 | 00422 a2200169 4500 | ||
|---|---|---|---|
| 003 | Nust | ||
| 005 | 20170207153355.0 | ||
| 040 | _cNust | ||
| 082 | _a005.1 | ||
| 100 | _aAfzal , Hammad BESE- 05 | ||
| 245 |
_aIPv6 Gateway router implementation _cHammad Afzal & Mian Abdul Hayee BESE- 05 |
||
| 260 |
_bMCS _c2003 |
||
| 300 | _a65 p | ||
| 538 | _aAlmirah No.71 Shelf No.4 | ||
| 650 | _a UG Projects | ||
| 651 | _a UG CS Projects | ||
| 942 | _cPRG | ||
| 999 |
_c184704 _d184704 |
||